000 004360000a22001810004500
003 MACL
005 20150910124601.0
008 150910b xxu||||| |||| 00| 0 eng d
040 _aMACL
_cMACL
041 _aEnglish
082 _a821/MAH
100 _aMahapatra, Sitakant
_97549
245 _aThe Awakened Wind
260 _bViaksh Publishing House
_c1983
_aDelhi
350 _a125
650 _aPoetry
_99824
942 _cBK
_k403.3
_2ddc
999 _c5572
_d5572